Vật liệu và thiết bị nano
Nội dung sách giới thiệu về vật liệu nano, vật liệu có cấu trúc nano và thiết bị được chế tạo từ những vật liệu này như transistor, vật liệu tàng hình, siêu vật liệu, graphene, sản phẩm và hệ thống sinh học....
保存先:
| 第一著者: | |
|---|---|
| フォーマット: | 図書 |
| 言語: | Undetermined |
| 出版事項: |
Thành phố Hồ Chí Minh
Tổng Hợp Thành Phố Hồ Chí Minh
2018
|
| 主題: | |
| タグ: |
タグ追加
タグなし, このレコードへの初めてのタグを付けませんか!
|
| Thư viện lưu trữ: | Trung tâm Học liệu Trường Đại học Cần Thơ |
|---|
| LEADER | 01065nam a2200193Ia 4500 | ||
|---|---|---|---|
| 001 | CTU_228483 | ||
| 008 | 210402s9999 xx 000 0 und d | ||
| 082 | |a 620.115 | ||
| 082 | |b T121 | ||
| 100 | |a Trương, Văn Tân | ||
| 245 | 0 | |a Vật liệu và thiết bị nano | |
| 245 | 0 | |c Trương Văn Tân | |
| 260 | |a Thành phố Hồ Chí Minh | ||
| 260 | |b Tổng Hợp Thành Phố Hồ Chí Minh | ||
| 260 | |c 2018 | ||
| 520 | |a Nội dung sách giới thiệu về vật liệu nano, vật liệu có cấu trúc nano và thiết bị được chế tạo từ những vật liệu này như transistor, vật liệu tàng hình, siêu vật liệu, graphene, sản phẩm và hệ thống sinh học. | ||
| 650 | |a Nanotechnology,Nanostructured materials,Technological innovations,Công nghệ Nano,Cấu trúc vật liệu Nano,Đổi mới công nghệ | ||
| 904 | |i Qhieu - Linh, Sương | ||
| 980 | |a Trung tâm Học liệu Trường Đại học Cần Thơ | ||